000
00308nam a22001337a 4500
008
170216b xxu||||| |||| 00| 0 eng d
020
_a
9781582120508
041
_a
eng
080
_2
14TH
_a
615
100
_a
5
101
_a
SHF
245
_a
HANDBOOK OF NONPRESCRIPTION DRUGS
_c
BERARDI, R.R
942
_2
udc
_c
BK
999
_c
5728
_d
5728